Responses for Show #8748 - Wednesday, November 23, 2022

Cris Pannullo game 13.

Contestants

[<< previous game]

John Dorsey, a loan operations specialist from Potomac, Maryland

Katy Rudolphy, a civil servant from Grand Prairie, Texas

Cris Pannullo, a customer success operations manager from Ocean City, New Jersey (whose 12-day cash winnings total $380,881)

[next game >>]

Jeopardy! Round responses

A 20th CENTURY FACTS PRODUCTION
ARRONDISSEMENTS OF PARIS
A LOUD CATEGORY
A MATTER OF DEGREES
SHARED LAST NAMES
LOSE A LETTER
(Ken: Each correct response is two words, one of them one letter longer than the other.)
    $200 29
Cuba

Cris
    $200 23
the Louvre

John
    $200 27
bagpipes

Cris
    $200 30
deodorant (antiperspirant)

Cris
    $200 28
Dean

Cris
    $200 21
patient & patent

Cris
    $400 6
apartheid

John
    $400 22
a farmers market

John
    $400 11
a Funny Car

Cris
    $400 15
black belt

Katy
    $400 26
Davis

Cris
    $400 20
lather & leather

Katy
    $600 5
Three Mile Island

John
    $600 7
Notre Dame

Cris
    $600 16
leaf blowers

Katy
    $600 14
east

Katy
    $600 3
Turner

Cris
    $600 25
string & sting

Katy
    $800 1
Sputnik

Cris
    $800 4
the Catacombs

John
    $800 17
The Who

John
    $800 8
60

Cris
    $800 10
Brown

Cris
    $800 24
pearl to peal

Triple Stumper
    $1,000 2
(Ken: Woodrow Wilson's [*] Points.)

14

Cris
    $1000 19
the Champs-Élysées

Cris
    $1000 18
Krakatoa

Cris
    $1000 13
(Cris: What is juris doctoris?)

juris doctor

CrisKaty
    $1000 9
Williams

Katy
    $1000 12
timber becoming timer

Triple Stumper

Scores at the first commercial break (after clue 15):

Cris Katy John
$4,000 $3,000 $1,800

Scores at the end of the Jeopardy! Round:

Cris Katy John
$7,400 $4,600 $3,200

Double Jeopardy! Round responses

TRANSLATORS
CITIES & TOWNS OF THE BIBLE
AN "F" IN OPERA
NOTABLE AFRICAN AMERICANS
DISNEY DO-OVERS
SPEECH OF THE DICKENS
    $400 27
Job

John
    $400 30
Exodus

Cris
    $400 24
Falstaff

John
    $400 7
(Kamala) Harris

Cris
    $400 29
The Jungle Book

John
    $400 28
A1

Cris
    $800 22
(Katy: What is the title page?)

the cover of the book

Katy
Triple Stumper
    $800 26
Saul

Cris
    $800 23
Figaro

John
    $800 6
a pacemaker

John
    $800 13
Mulan

John
    $800 20
draught

Katy
    $7,000 9
The Odyssey

Cris
    $1200 25
Bethany

Katy
    $1200 4
falsetto

John
    $1200 1
(Ken: Yes, Oprah spelled backwards.)

(Oprah) Winfrey

Cris
    $1200 14
The Parent Trap

Katy
    $1200 10
cloak and dagger

John
    $1600 8
(Elena) Ferrante

Cris
    $1600 18
Jordan

Cris
    $1600 3
The Flying Dutchman

John
    $1600 2
(Zora Neale) Hurston

Cris
    $1600 15
Freaky Friday

John
    $1600 11
flint

Cris
    $2000 19
Remembrance of Things Past

Cris
    $2000 21
Nimrod

Cris
    $2000 12
the "Flower Duet"

Triple Stumper
    $5,000 5
(John: Who is... Morton?)

Muddy Waters

John
    $2000 16
(Cris: What is Herbie the Love Bug?)

The Love Bug

CrisKaty
    $2000 17
(John: What's lam?)

rampage

CrisJohn

Scores at the end of the Double Jeopardy! Round:

Cris Katy John
$28,000 $9,000 $5,400
(lock game)

[wagering suggestions for these scores]

Final Jeopardy! Round responses

SECONDS IN HISTORY
(Ken: [To Cris] An appropriate historical story for this week, the Mayflower colonists were hoping to be resupplied and just got new mouths to feed instead.)
JohnWhat is Jamestown?
$3,601
KatyWhat is Jamestown?
$1,801
CrisWhat is Plymouth
$7,221
Plymouth

Final scores:

Cris Katy John
$35,221 $7,199 $1,799
13-day champion: $416,102 2nd place: $2,000 3rd place: $1,000

Game dynamics:

Coryat scores:

Cris Katy John
$22,200 $9,000 $10,400
28 R
(including 2 DDs),
2 W
11 R,
1 W
16 R,
2 W
(including 1 DD)

Combined Coryat: $41,600

[game clues] [game scores] [suggest correction]

Game tape date: 2022-10-10
The J! Archive is created by fans, for fans. Scraping, republication, monetization, and malicious use prohibited; this site may use cookies and collect identifying information. See terms. The Jeopardy! game show and all elements thereof, including but not limited to copyright and trademark thereto, are the property of Jeopardy Productions, Inc. and are protected under law. This website is not affiliated with, sponsored by, or operated by Jeopardy Productions, Inc. Join the discussion at JBoard.tv.